| 000 | 01129cab a2200277 4500 | ||
|---|---|---|---|
| 001 | ABS54303 | ||
| 008 | 090401t1996 xxu||||| |||| 00| 0 eng d | ||
| 035 | _a(Sirsi) u94428 | ||
| 041 | _aeng | ||
| 100 | _aAbraham, H. C. | ||
| 245 | _aBlight: loss of part of property due to proposed public works` seriously affecting the amenity or convenience | ||
| 260 | _c1996 | ||
| 350 | _a0 | ||
| 490 |
_aJournal of Planning and Environment Law _v(1996) JPL 8-12(5) |
||
| 520 | _aConsiders the legal position of a landowner faced with the loss of part only of his property due to proposed pubic works. Reviews case law showing how the LT views the tests imposed by the Town and Country Planning Act 1990 s166. | ||
| 650 | _aBLIGHT NOTICES | ||
| 650 | _aBLIGHT | ||
| 650 | _aBURN V NORTH YORKSHIRE CC | ||
| 650 | _aHALLIDAY AND ANOTHER V SOS TRANSPORT (1990) | ||
| 650 | _aPUBLIC WORKS | ||
| 650 | _aSMITH V KENT CC | ||
| 650 | _aTOWN AND COUNTRY PLANNING ACT 1990 S149 | ||
| 690 | _aENVIRONMENTAL AND LAND CONSULTANCY-PLANNING AND DEVELOPMENT-COMPULSORY PURCHASE AND COMPENSATION | ||
| 942 | _n0 | ||
| 948 | _c04/03/1997 | ||
| 999 |
_c59573 _d59573 |
||